<?xml version="1.0" encoding="UTF-8"?>
<record
    xmlns:xsi="http://www.w3.org/2001/XMLSchema-instance"
    xsi:schemaLocation="http://www.loc.gov/MARC21/slim http://www.loc.gov/standards/marcxml/schema/MARC21slim.xsd"
    xmlns="http://www.loc.gov/MARC21/slim">

  <leader>03816nam a2200553Ia 4500</leader>
  <controlfield tag="001">3934</controlfield>
  <controlfield tag="008">241029s9999    xx            000 0 und d</controlfield>
  <datafield tag="010" ind1=" " ind2=" ">
    <subfield code="a">3691</subfield>
  </datafield>
  <datafield tag="041" ind1=" " ind2=" ">
    <subfield code="a">Espa&#xF1;ol</subfield>
  </datafield>
  <datafield tag="082" ind1=" " ind2=" ">
    <subfield code="a">NO APLICA</subfield>
  </datafield>
  <datafield tag="245" ind1=" " ind2="0">
    <subfield code="a">Incidencia de la familia de origen en al agresividad de los adolescentes que participan en el Centro Juvenil de Acci&#xF3;n Callejera, durante el Per&#xED;odo 2010-2011</subfield>
  </datafield>
  <datafield tag="260" ind1=" " ind2=" ">
    <subfield code="a">Santiago</subfield>
  </datafield>
  <datafield tag="300" ind1=" " ind2=" ">
    <subfield code="a">95</subfield>
  </datafield>
  <datafield tag="520" ind1=" " ind2=" ">
    <subfield code="a">31</subfield>
  </datafield>
  <datafield tag="630" ind1=" " ind2=" ">
    <subfield code="a">Conducta Humana</subfield>
  </datafield>
  <datafield tag="630" ind1=" " ind2=" ">
    <subfield code="a">Incidencia</subfield>
  </datafield>
  <datafield tag="650" ind1=" " ind2=" ">
    <subfield code="a">Terapia Familiar</subfield>
  </datafield>
  <datafield tag="690" ind1=" " ind2=" ">
    <subfield code="a">Elaborado</subfield>
  </datafield>
  <datafield tag="700" ind1=" " ind2=" ">
    <subfield code="e">asesor</subfield>
    <subfield code="a"> &#xC3;&#x81;lvarez, Martha</subfield>
  </datafield>
  <datafield tag="700" ind1=" " ind2=" ">
    <subfield code="e">autor</subfield>
    <subfield code="a">Francisco Vargas, Digna </subfield>
  </datafield>
  <datafield tag="700" ind1=" " ind2=" ">
    <subfield code="e">autor</subfield>
    <subfield code="a"> Rodr&#xED;guez, Johanny Marianela</subfield>
  </datafield>
  <datafield tag="700" ind1=" " ind2=" ">
    <subfield code="e">asesor</subfield>
    <subfield code="a"> Reyes, Rafael </subfield>
  </datafield>
  <datafield tag="901" ind1=" " ind2=" ">
    <subfield code="a">{"1":"Francisco Vargas","2":" Rodr&#xED;guez"}</subfield>
    <subfield code="b">{"1":"Digna ","2":"Johanny Marianela"}</subfield>
  </datafield>
  <datafield tag="902" ind1=" " ind2=" ">
    <subfield code="a">2</subfield>
  </datafield>
  <datafield tag="903" ind1=" " ind2=" ">
    <subfield code="a">{"1":" Reyes","2":" &#xC3;&#x81;lvarez"}</subfield>
    <subfield code="b">{"1":"Rafael ","2":"Martha"}</subfield>
  </datafield>
  <datafield tag="904" ind1=" " ind2=" ">
    <subfield code="a">Mag&#xED;ster en</subfield>
  </datafield>
  <datafield tag="905" ind1=" " ind2=" ">
    <subfield code="a">Terapia Familiar</subfield>
  </datafield>
  <datafield tag="906" ind1=" " ind2=" ">
    <subfield code="a">2</subfield>
  </datafield>
  <datafield tag="907" ind1=" " ind2=" ">
    <subfield code="a">NO APLICA</subfield>
  </datafield>
  <datafield tag="908" ind1=" " ind2=" ">
    <subfield code="a">NO APLICA</subfield>
  </datafield>
  <datafield tag="909" ind1=" " ind2=" ">
    <subfield code="a">Universidad Nacional Evang&#xE9;lica (UNEV), Recinto Santo Domingo</subfield>
  </datafield>
  <datafield tag="910" ind1=" " ind2=" ">
    <subfield code="a">NULL</subfield>
    <subfield code="b">NULL</subfield>
  </datafield>
  <datafield tag="911" ind1=" " ind2=" ">
    <subfield code="a">["1"]</subfield>
  </datafield>
  <datafield tag="912" ind1=" " ind2=" ">
    <subfield code="a">NO APLICA</subfield>
  </datafield>
  <datafield tag="913" ind1=" " ind2=" ">
    <subfield code="a">NULL</subfield>
  </datafield>
  <datafield tag="914" ind1=" " ind2=" ">
    <subfield code="a">01 de Noviembre de 2011</subfield>
  </datafield>
  <datafield tag="915" ind1=" " ind2=" ">
    <subfield code="a">20/07/15 10:07</subfield>
  </datafield>
  <datafield tag="916" ind1=" " ind2=" ">
    <subfield code="a">NULL</subfield>
  </datafield>
  <datafield tag="917" ind1=" " ind2=" ">
    <subfield code="a">NULL</subfield>
  </datafield>
  <datafield tag="918" ind1=" " ind2=" ">
    <subfield code="a">NO APLICA</subfield>
  </datafield>
  <datafield tag="919" ind1=" " ind2=" ">
    <subfield code="a">["46","209"]</subfield>
  </datafield>
  <datafield tag="520" ind1=" " ind2=" ">
    <subfield code="a">La investigaci&#xF3;n consisti&#xF3; en determinar la incidencia de la familia de origen en la conducta agresiva de los adolescentes que participan en el Centro Juvenil de Acci&#xF3;n Callejera, durante el periodo 2010-2011.La metodolog&#xED;a aplicada fue el m&#xE9;todo deductivo porque se lleg&#xF3; a conclusiones particulares a partir de investigaciones de diferentes fuentes bibliogr&#xE1;ficas, m&#xE9;todo descriptivo y deductivo al aplicarse test psicol&#xF3;gicos y genogramas de los casos particulares y con esto llegar a conclusiones generales de la problem&#xE1;tica. El universo del estudio est&#xE1; compuesto por ochenta ni&#xF1;os y adolescentes que asisten al Centro Juvenil de Acci&#xF3;n Callejera. La poblaci&#xF3;n es de veinte adolescentes, y la muestra est&#xE1; compuesta por nueve adolescentes seleccionado por el m&#xE9;todo no probabil&#xED;stico, porque no todos los adolescentes tienen la misma probabilidad de ser elegidos, sino que se someten al criterio de las investigaciones.Las conclusiones revelan que al finalizar la investigaci&#xF3;n para determinar como incide la familia de origen en la conducta agresiva de los adolescentes que participan en el Centro Juvenil de Acci&#xF3;n Callejera, durante el periodo 2010-2011. Se concluye que las familias disfuncionales con las diferentes causantes como la separaci&#xF3;n conyugal, los v&#xED;nculos afectivos conflictivos, la despreocupaci&#xF3;n para asumir los roles, fundamentalmente hacen a los adolescentes m&#xE1;s vulnerables y propensos a presentar las conductas agresivas.Adem&#xE1;s para el primer objetivo de verificar si los adolescentes que visitan el centro juvenil presentan agresividad, 44 % presentaron agresividad alta y 56 % agresividad media. Adem&#xE1;s presentaron estilos de agresividad prudente el 11%, son amables el 22%, tienen un estilo deportivo el 22%, presentaron estilo agresivo el 45%. Se recomienda para trabajar las disfunciones familiares y los v&#xED;nculos agresivos encontrados en los objetivos tres y cuatro es importante realizar terapias familiares donde se pueda interaccionar con todos los miembros de las familias para incentivar su rol en la formaci&#xF3;n y funcionamiento saludable de las mismas, y plantear temas con respecto a la comunicaci&#xF3;n, al tiempo dedicado a los miembros del hogar y trabajar con ellos los postulados del Doctor Dunker.</subfield>
  </datafield>
  <datafield tag="921" ind1=" " ind2=" ">
    <subfield code="a">0</subfield>
  </datafield>
  <datafield tag="922" ind1=" " ind2=" ">
    <subfield code="a">0</subfield>
  </datafield>
  <datafield tag="923" ind1=" " ind2=" ">
    <subfield code="a">0</subfield>
  </datafield>
  <datafield tag="924" ind1=" " ind2=" ">
    <subfield code="a">NO APLICA</subfield>
  </datafield>
  <datafield tag="942" ind1=" " ind2=" ">
    <subfield code="c">Tesis</subfield>
  </datafield>
  <datafield tag="999" ind1=" " ind2=" ">
    <subfield code="c">3691</subfield>
    <subfield code="d">3691</subfield>
  </datafield>
</record>
